000 00754nam a22002411a 4500
999 _c31215
_d31215
001 4058994
003 OSt
005 20180119153711.0
008 711216s1964 nyua b 000 0 eng
010 _a64013783
040 _aDLC
_cDLC
_dDLC
050 0 0 _aHM132
_b.B46 1964
082 0 0 _aHM 132 .B46 1964
100 1 _aBerne, Eric.
_944347
245 1 0 _aGames people play :
_b the psychology of human relationships.
_cEric Berne
_h[Text]
260 _aNew York
_bGrove Press
_c[1964]
300 _a192 p. illus. 21 cm.
504 _aIncludes Index
650 0 _aInterpersonal relations.
_944348
650 0 _aSocial interaction.
_944349
906 _a7
_bcbc
_corignew
_du
_eocip
_f19
_gy-gencatlg
942 _2lcc
_cBK